Top 10 Countries with Most Total Fortnite Earnings - Statistics

General Stats
  • This quiz has been taken 524 times
  • The average score is 8 of 10
Answer Stats
Earnings (USD) Answer % Correct
$47,195,106.49 United States
100%
$8,062,646.86 United Kingdom
97%
$7,763,625.50 France
95%
$8,380,469.37 Canada
93%
$5,411,055.37 Germany
93%
$5,892,591.38 Brazil
83%
$3,996,868.76 Australia
82%
$5,314,613.11 Poland
70%
$4,713,286.41 Sweden
68%
$6,957,273.67 Denmark
55%
No matching quizzes found
Score Distribution
Percent of People with Each Score
Percentile by Number Answered
Your Score History
You have not taken this quiz